Most valuable u21 players in football 2025 - Statistics

General Stats
  • This quiz has been taken 44 times
    4 since last reset
  • The average score is 13 of 25
Answer Stats
Value Nation Club Answer % Correct
€90.00m Turkiye Real Madrid CF Arda Güler
100%
€70.00m Spain Real Madrid CF Dean Huijsen
100%
€90.00m France Paris Saint-Germain FC Désiré Doué
100%
€110.00m Portugal Paris Saint-Germain FC João Neves
100%
€75.00m Turkiye Juventus FC Kenan Yıldız
100%
€200.00m Spain FC Barcelona Lamine Yamal
100%
€65.00m Argentina Calcio Como Nico Paz
100%
€80.00m Spain FC Barcelona Pau Cubarsí
100%
€65.00m Germany FC Bayern München Aleksandar Pavlovic
75%
€80.00m Brazil Chelsea FC Estêvão
75%
€60.00m England Crystal Palace FC Adam Wharton
50%
€60.00m Cameroon Brighton & Hove Albion FC Carlos Baleba
50%
€60.00m Germany FC Bayern München Lennart Karl
50%
€45.00m Gambia Brighton & Hove Albion FC Yankuba Minteh
50%
€50.00m Argentina Real Madrid CF Franco Mastantuono
25%
€55.00m France Manchester United FC Leny Yoro
25%
€45.00m Brazil Manchester City FC Savinho
25%
€50.00m France Paris Saint-Germain FC Warren Zaïre-Emery
25%
€45.00m Ivory Coast RB Leipzig Yan Diomande
25%
€45.00m Argentina Manchester United FC Alejandro Garnacho
0%
€45.00m France LOSC Lille Ayyoub Bouaddi
0%
€45.00m Turkiye Eintracht Frankfurt Can Uzun
0%
€45.00m Portugal Sporting CP Geovany Quenda
0%
€45.00m Germany 1. FC Köln Said El Mala
0%
€50.00m Spain FC Porto Samu Aghehowa
0%
No matching quizzes found
Score Distribution
Percent of People with Each Score
Percentile by Number Answered
Your Score History
You have not taken this quiz since the last reset